Άγιοι της Κεφαλονιάς στη Βενετία πρόδρομη ανακοίνωση
Αποθηκεύτηκε σε:
| Κύριος συγγραφέας: | |
|---|---|
| Μορφή: | Βιβλίο |
| Γλώσσα: | Greek |
| Δημοσίευση: |
Αργοστόλι :
Εταιρεία Καφαλληνιακών ιστορικών μελετών,
2005.
|
| Θέματα: | |
| Ετικέτες: |
Προσθήκη ετικέτας
Δεν υπάρχουν, Καταχωρήστε ετικέτα πρώτοι!
|
MARC
| LEADER | 00000cam a2200000 i 4500 | ||
|---|---|---|---|
| 001 | 1/43698 | ||
| 008 | 140305s2005 gr | ||| |||| ||gre|| | ||
| 035 | |l 10116988 | ||
| 040 | |a GR-MyUA |b gre |e AACR2 | ||
| 041 | 0 | |a gre | |
| 082 | 7 | |a 270.092 |2 (22) | |
| 100 | 1 | |a Αντζουλάτος, Γεώργιος Φ. | |
| 245 | 1 | 0 | |a Άγιοι της Κεφαλονιάς στη Βενετία |h [ανάτυπο] : |b πρόδρομη ανακοίνωση / |c Γεωργίου Φ. Αντζουλάτου. |
| 260 | |a Αργοστόλι : |b Εταιρεία Καφαλληνιακών ιστορικών μελετών, |c 2005. | ||
| 300 | |a 433-455 σ. ; |c 24 εκ. | ||
| 500 | |a Ανάτυπο από τον 10ο τόμο των "κεφαλληνιακών χρονικών". Αφιέρωμα στους συνεργάτες του περιοδικού από το 1976 ώς σήμερα. | ||
| 650 | 0 | |a Christian saints |x Biography. | |
| 650 | 0 | |a Christian saints |z Greece |z Cephalonia (Municipality) | |
| 651 | 0 | |a Cephalonia (Greece : Municipality) |x Church history. | |
| 852 | |a INST |b SAMOS |e 20140305 |h 270.092 ΑΝΤ |p 005300026009 |q 005300026009 |t BK |y 0 | ||
| 901 | |a BIBL3-2014-1 | ||
| 970 | |a ΓΟΥΒΑΛΑ |b ΒΑΣΩ |z 2014/03/05 | ||